| Tag |
First Indicator |
Second Indicator |
Subfields |
| LEADER |
00000cam a2200000 a 4500 |
| 001 |
in00001063321 |
| 005 |
20150929092400.0 |
| 008 |
820628s1982 txu s00000 eng d |
| 035 |
|
|
|a (OCoLC)08557165
|
| 035 |
|
|
|9 AFM3962AM
|
| 040 |
|
|
|a IKM
|c IKM
|d UtOrBLW
|
| 043 |
|
|
|a n-us-tx
|
| 049 |
|
|
|a IKMd
|
| 099 |
|
|
|a I400.7
|a D262pan
|a 1982
|
| 245 |
0 |
0 |
|a Community data profile, Panhandle /
|c prepared by Research and Data Services Department, Texas Industrial Commission.
|
| 264 |
|
1 |
|a [Austin, Tex.] :
|b The Dept.,
|c [1982]
|
| 300 |
|
|
|a 1 folded sheet (6 pages) ;
|c 28 x 12 cm.
|
| 336 |
|
|
|a text
|b txt
|2 rdacontent
|
| 337 |
|
|
|a unmediated
|b n
|2 rdamedia
|
| 338 |
|
|
|a sheet
|b nb
|2 rdacarrier
|
| 500 |
|
|
|a "03/11/82."
|
| 651 |
|
0 |
|a Panhandle (Tex.)
|x Statistics.
|
| 710 |
2 |
|
|a Texas Industrial Commission.
|b Operations Division.
|b Research and Data Services Department.
|
| 999 |
|
|
|a MARS
|
| 999 |
f |
f |
|s 3cc2cedc-e1fc-3be3-b481-5bed82868b45
|i bbf79599-0e9c-3b97-80bf-52a0358d1a69
|t 0
|
| 952 |
f |
f |
|p normal
|a Texas A&M University
|b College Station
|c Sterling C. Evans Library
|d Evans: Texas Documents (Annex 5th floor)
|t 0
|e I400.7 D262pan 1982
|h Superintendent of Documents classification
|i unmediated -- sheet
|m A14816549920
|
| 998 |
f |
f |
|a I400.7 D262pan 1982
|t 0
|l Evans: Texas Documents (Annex 5th floor)
|